Binder Jetting 3D Printing of Titanium Aluminides Based Materials: A Feasibility Study; Advanced Engineering Materials; Vol. 22, iss. 9

Podrobná bibliografie
Parent link:Advanced Engineering Materials
Vol. 22, iss. 9.— 2020.— [2000408, 10 p.]
Korporativní autor: Национальный исследовательский Томский политехнический университет Инженерная школа новых производственных технологий Отделение материаловедения
Další autoři: Yadav P. Pinku, Fu Z. Zongwen, Knorr M. Moritz, Travitsky (Travitzky) N. Nakhum
Shrnutí:Title screen
This study offers the ability to fabricate nearly dense titanium aluminides-based structures using a hybrid method that encompasses binder jetting 3D printing (3DP) of Ti-6Al-4V followed by pressureless ex situ infiltration with Al. Microstructure characterization and phase analysis are performed by scanning electron microscopy equipped with energy dispersive spectroscopy and X-ray diffraction, respectively. The microstructure of the samples fabricated by means of pressureless ex situ infiltration at different temperatures and with various durations is studied and discussed. The nearly dense titanium aluminides-based composites shows a Young's modulus of 145 GPa, a compressive strength of 1.4 GPa and a bending strength of 483 MPa. To demonstrate technological capability of this hybrid approach, complex near-net-shaped objects are fabricated.
Jazyk:angličtina
Vydáno: 2020
Témata:
On-line přístup:https://doi.org/10.1002/adem.202000408
Médium: MixedMaterials Elektronický zdroj Kapitola
KOHA link:https://koha.lib.tpu.ru/cgi-bin/koha/opac-detail.pl?biblionumber=665224

MARC

LEADER 00000naa0a2200000 4500
001 665224
005 20250128164222.0
035 |a (RuTPU)RU\TPU\network\36423 
035 |a RU\TPU\network\33463 
090 |a 665224 
100 |a 20210903d2020 k||y0rusy50 ba 
101 0 |a eng 
102 |a US 
135 |a drcn ---uucaa 
181 0 |a i  
182 0 |a b 
200 1 |a Binder Jetting 3D Printing of Titanium Aluminides Based Materials: A Feasibility Study  |f P. Yadav, Z. Fu, M. Knorr, N. Travitsky (Travitzky) 
203 |a Text  |c electronic 
300 |a Title screen 
320 |a [References: 21 tit.] 
330 |a This study offers the ability to fabricate nearly dense titanium aluminides-based structures using a hybrid method that encompasses binder jetting 3D printing (3DP) of Ti-6Al-4V followed by pressureless ex situ infiltration with Al. Microstructure characterization and phase analysis are performed by scanning electron microscopy equipped with energy dispersive spectroscopy and X-ray diffraction, respectively. The microstructure of the samples fabricated by means of pressureless ex situ infiltration at different temperatures and with various durations is studied and discussed. The nearly dense titanium aluminides-based composites shows a Young's modulus of 145 GPa, a compressive strength of 1.4 GPa and a bending strength of 483 MPa. To demonstrate technological capability of this hybrid approach, complex near-net-shaped objects are fabricated. 
461 |t Advanced Engineering Materials 
463 |t Vol. 22, iss. 9  |v [2000408, 10 p.]  |d 2020 
610 1 |a электронный ресурс 
610 1 |a труды учёных ТПУ 
610 1 |a 3D-печать 
610 1 |a алюминиды титана 
610 1 |a гибридные методы 
610 1 |a микроструктура 
610 1 |a фазовый состав 
610 1 |a сканирующая электронная микроскопия 
610 1 |a композиты 
610 1 |a прочность 
701 1 |a Yadav  |b P.  |g Pinku 
701 1 |a Fu  |b Z.  |g Zongwen 
701 1 |a Knorr  |b M.  |g Moritz 
701 1 |a Travitsky (Travitzky)  |b N.  |c specialist in the field of material science  |c Professor of Tomsk Polytechnic University  |f 1951-  |g Nakhum  |3 (RuTPU)RU\TPU\pers\42461 
712 0 2 |a Национальный исследовательский Томский политехнический университет  |b Инженерная школа новых производственных технологий  |b Отделение материаловедения  |3 (RuTPU)RU\TPU\col\23508 
801 2 |a RU  |b 63413507  |c 20210903  |g RCR 
856 4 |u https://doi.org/10.1002/adem.202000408 
942 |c CF